Proceedings : (Record no. 4931)

MARC details
000 -LEADER
fixed length control field 00737nam a22001697a 4500
003 - CONTROL NUMBER IDENTIFIER
control field OSt
005 - DATE AND TIME OF LATEST TRANSACTION
control field 20251020040859.0
008 - FIXED-LENGTH DATA ELEMENTS--GENERAL INFORMATION
fixed length control field 251020b |||||||| |||| 00| 0 eng d
020 ## - INTERNATIONAL STANDARD BOOK NUMBER
International Standard Book Number 983-99084-9-9
040 ## - CATALOGING SOURCE
Original cataloging agency DWC-Main Lib.
Transcribing agency OC
082 ## - DEWEY DECIMAL CLASSIFICATION NUMBER
Classification number Circ. 371.42 P963 1999
245 ## - TITLE STATEMENT
Title Proceedings :
Remainder of title Regional Conference-Workshop on Cultural Diversity Issues in Counselling, 4 June 1999, Kota Kinabalu, Sabah / editors, Haji Abdul Halim Othman, Rosnah Ismail, Haris Shah Abd. Hamid
260 ## - PUBLICATION, DISTRIBUTION, ETC.
Place of publication, distribution, etc. Malaysia :
Name of publisher, distributor, etc. Universiti Malaysia Sabah,
Date of publication, distribution, etc. c1999.
300 ## - PHYSICAL DESCRIPTION
Extent 87 pages ;
Dimensions 25 cm.
650 ## - SUBJECT ADDED ENTRY--TOPICAL TERM
Topical term or geographic name entry element Counseling--Congresses. I. Othman, Haji Abdul Halim. II. Ismail, Rosnah. III. Hamid, Harris Shah Abd.
942 ## - ADDED ENTRY ELEMENTS (KOHA)
Source of classification or shelving scheme Dewey Decimal Classification
Koha item type Book Circulation
Classification part Circ.
Suppress in OPAC No
952 ## - LOCATION AND ITEM INFORMATION (KOHA)
--
Holdings
Withdrawn status Lost status Source of classification or shelving scheme Damaged status Not for loan Home library Current library Shelving location Date acquired Total Checkouts Full call number Barcode Date last seen Copy number Price effective from Koha item type Uniform Resource Identifier
    Dewey Decimal Classification     College Library College Library Circulation 10/20/2025   Circ. 371.42 P963 1999 CL50967 10/20/2025 c1 10/20/2025 BK-CIRC